Artistes français les plus écoutés sur Spotify - Statistiques

Statistiques générales
  • Ce quiz a été pris 1 162 fois
    610 depuis la dernière actualisation
  • Le résultat moyen est 5 sur 20
Statistiques - réponses
Nb d'auditeurs/mois Artiste N° dans
le monde
% Correct
79 870 000 David Guetta 9
77%
9 765 000 Aya Nakamura 1002
74%
8 610 000 Jul 1200
73%
15 150 000 GIMS 552
65%
35 745 000 DJ Snake 112
57%
21 510 000 Daft Punk 318
42%
10 825 000 Indila 876
30%
7 240 000 Dadju 1489
25%
8 045 000 Gazo 1301
19%
8 645 000 Tayc 1196
14%
17 530 000 Bob Sinclar 442
12%
14 400 000 Yseult 587
12%
16 340 000 Kungs 492
7%
16 105 000 Ofenbach 504
6%
9 010 000 Willy William 1135
4%
12 295 000 M83 730
2%
22 705 000 Avril Lavigne 284
1%
11 585 000 Manu Chao 802
1%
14 375 000 Gesaffelstein 588
0%
7 370 000 Trinix 1456
0%
Aucun quiz correspondant
Distribution des résultats
% des personnes avec chaque résultat
Percentile par nombre de réponses
Votre historique - résultats
Vous n’avez pas pris ce quiz depuis la dernière actualisation